Online Catalogue and eLibrary

Asiyanu sanwardhanaye deshpalanaya (Record no. 2247)

MARC details
000 -LEADER
fixed length control field 00384nam a2200145Ia 4500
005 - DATE AND TIME OF LATEST TRANSACTION
control field 20250612030226.0
008 - FIXED-LENGTH DATA ELEMENTS--GENERAL INFORMATION
fixed length control field 240331s9999 xx 000 0 und d
082 ## - DDC Classification
Item Number - Author Mark ASI
Class No. 320
100 ## - MAIN ENTRY--PERSONAL NAME
Personal name Marga Ayathanaya
245 #0 - TITLE STATEMENT
Title Asiyanu sanwardhanaye deshpalanaya
260 ## - PUBLICATION, DISTRIBUTION, ETC.
Place of publication, distribution, etc. Colombo
Name of publisher, distributor, etc. Marga Institute
Date of publication, distribution, etc. 1975
300 ## - PHYSICAL DESCRIPTION
Extent (e.g. Volumes, Pages etc.) 297 p .,
500 ## - GENERAL NOTE
General note The Politics of Asian Development
942 ## - Koha item type (Biblio)
Koha item type Books in Stacks (Lending)
Holdings
Lost status Damaged status Collection code Home library Current library Shelving location Date acquired Full call number Accession Number Item type
    Lending WERC Library WERC Library Social Science Cupboard 03/31/2024 320 ASI 1466 Books in Stacks (Lending)

© WERC Library